Spotrebiteľské vzdelávanie na Slovensku: 15 ročná história otvára dvere budúcnosti

Salvato in:
Dettagli Bibliografici
Autore principale: Hraško, Pavel
Altri autori: Tkáčiková, Jarmila
Natura: Capitolo di libro
Lingua:slovacco
Tags: Aggiungi Tag
Nessun Tag, puoi essere il primo ad aggiungerne!!

MARC

LEADER 00000nla$a2200000$$$4500
001 0146463
005 20240502083337.5
041 0 |a slo 
044 |a AT 
245 1 0 |a Spotrebiteľské vzdelávanie na Slovensku: 15 ročná história otvára dvere budúcnosti  |c Pavel Hraško, Jarmila Tkáčiková 
100 1 |a Hraško, Pavel 
700 1 |a Tkáčiková, Jarmila